000 00652pam a2200229 a 4500
001 4752077
005 20180109043655.0
008 851101s1986 nyua db 000 0 eng
010 _a 85027142
020 _a0442278462
040 _aDLC
_cDLC
_dDLC
041 _aeng
080 _a641.0321 eli
082 0 0 _a641.0321 eli
_219
100 1 _a23
101 _afja
245 1 4 _aThe chef's companion :
_cElizabeth Riely ; illustrations by David Miller.
504 _aBibliography: p. 213-215.
906 _a7
_bcbc
_corignew
_d1
_eocip
_f19
_gy-gencatlg
942 _2ddc
_cBK
999 _c39876
_d39876